[Event "Mindsports Open 5th"]
[Site "London"]
[Date "2025.08.17"]
[Round "8.5"]
[White "Levin, Guy"]
[Black "Lohia, Sohum"]
[Result "1/2-1/2"]
[WhiteElo "2464"]
[BlackElo "2387"]
[PlyCount "102"]
[EventDate "2025.08.13"]
[EventType "swiss"]
[EventRounds "9"]
[EventCountry "ENG"]
[SourceTitle "BritBase"]
[Source "John Saunders"]
[SourceDate "2025.08.18"]
[SourceVersion "1"]
[SourceVersionDate "2025.08.18"]
[SourceQuality "1"]

1. c4 e6 2. Nf3 d5 3. g3 dxc4 4. Qa4+ Nd7 5. Qxc4 a6 6. Bg2 b5 7. Qc2 Bb7 8. O-O Ngf6 9. a4 c5 10. d3 Be7 11. Nc3 Bc6 12. Nh4 Bxg2 13. Nxg2 Rb8 14. axb5 axb5 15. Bf4 Rb7 16. Ra6 O-O 17. Rfa1 Nb8 18. Ra8 Qd7 19. Be5 Ng4 20. Bxb8 Rbxb8 21. R8a7 Rb7 22. Rxb7 Qxb7 23. h3 Ne5 24. Qb3 b4 25. Ne3 Nc6 26. Ne4 Nd4 27. Qd1 f5 28. Nd2 f4 29. gxf4 Rxf4 30. Ng2 Rf6 31. e3 Rg6 32. Ne4 Nf5 33. Kf1 e5 34. Qf3 Qd7 35. Ra8+ Kf7 36. Ne1 Ke6 37. Rb8 Qc7 38. Rb7 Qc8 39. Ng2 c4 40. dxc4 Qxc4+ 41. Kg1 Nh4 42. Rb6+ Bd6 43. Qd1 Rxg2+ 44. Kh1 Qxe4 45. Qxd6+ Kf5 46. Qd7+ Kg5 47. Qxg7+ Ng6 48. Rxg6+ hxg6 49. Qe7+ Kh5 50. Qh7+ Kg5 51. Qe7+ Kh6 1/2-1/2

[Event "Mindsports Open 5th"]
[Site "London"]
[Date "2025.08.17"]
[Round "8.6"]
[White "Willow, Jonah B"]
[Black "Sanitt, Ethan"]
[Result "1-0"]
[WhiteElo "2459"]
[BlackElo "2033"]
[PlyCount "59"]
[EventDate "2025.08.13"]
[EventType "swiss"]
[EventRounds "9"]
[EventCountry "ENG"]
[SourceTitle "BritBase"]
[Source "John Saunders"]
[SourceDate "2025.08.18"]
[SourceVersion "1"]
[SourceVersionDate "2025.08.18"]
[SourceQuality "1"]

1. e4 e6 2. d4 d5 3. Nc3 Bb4 4. Nge2 dxe4 5. a3 Bxc3+ 6. Nxc3 Nc6 7. Bf4 Nge7 8. Qd2 Nd5 9. O-O-O Bd7 10. Nxe4 Nxf4 11. Qxf4 Ne7 12. Bd3 Ng6 13. Qg3 Bc6 14. h4 h5 15. Nc5 Qd6 16. Bxg6 Qxg3 17. fxg3 fxg6 18. Nxe6 Kd7 19. d5 Bb5 20. Nc5+ Kc8 21. Rhe1 b6 22. Ne6 Kd7 23. Nd4 Ba6 24. Re6 Bb7 25. Rxg6 Rae8 26. Rxg7+ Kc8 27. Ne6 Kb8 28. Rxc7 Rh6 29. Rc3 Bxd5 30. Nc7 1-0

[Event "Mindsports Open 5th"]
[Site "London"]
[Date "2025.08.17"]
[Round "8.7"]
[White "Radeva, Viktoria"]
[Black "Kovchan, Alexander"]
[Result "0-1"]
[WhiteElo "2317"]
[BlackElo "2450"]
[PlyCount "70"]
[EventDate "2025.08.13"]
[EventType "swiss"]
[EventRounds "9"]
[EventCountry "ENG"]
[SourceTitle "BritBase"]
[Source "John Saunders"]
[SourceDate "2025.08.18"]
[SourceVersion "1"]
[SourceVersionDate "2025.08.18"]
[SourceQuality "1"]

1. e4 c5 2. Nf3 d6 3. d4 cxd4 4. Nxd4 Nf6 5. Nc3 a6 6. Nb3 e6 7. g4 b5 8. a3 Bb7 9. Qe2 Nfd7 10. Bf4 Nc6 11. O-O-O Nce5 12. h4 Rc8 13. Rh3 Qc7 14. Kb1 Nc4 15. g5 Ndb6 16. Bc1 g6 17. h5 Bg7 18. Nd4 O-O 19. f4 Rfe8 20. Qh2 e5 21. fxe5 dxe5 22. Nb3 Na4 23. hxg6 Nxc3+ 24. bxc3 Bxe4 25. Rxh7 fxg6 26. Bh3 Rcd8 27. Rxd8 Qxd8 28. Nc5 Bd5 29. Bf5 Re7 30. Be4 Qd6 31. Qh1 Bf7 32. Nd3 a5 33. Nf2 Qe6 34. Bd5 Qxd5 35. Ne4 Nd2+ 0-1

[Event "Mindsports Open 5th"]
[Site "London"]
[Date "2025.08.17"]
[Round "8.8"]
[White "Deepak Ambattu, Rithvik"]
[Black "Vandenbussche, Thibaut"]
[Result "0-1"]
[WhiteElo "1990"]
[BlackElo "2402"]
[PlyCount "116"]
[EventDate "2025.08.13"]
[EventType "swiss"]
[EventRounds "9"]
[EventCountry "ENG"]
[SourceTitle "BritBase"]
[Source "John Saunders"]
[SourceDate "2025.08.18"]
[SourceVersion "1"]
[SourceVersionDate "2025.08.18"]
[SourceQuality "1"]

1. e4 e5 2. Nf3 d6 3. d4 exd4 4. Nxd4 Nf6 5. Nc3 Be7 6. Bc4 O-O 7. O-O c6 8. a4 d5 9. exd5 cxd5 10. Bd3 Nc6 11. Nf5 Bxf5 12. Bxf5 Re8 13. Nb5 a6 14. Nd4 Qb6 15. Nb3 Bd6 16. Bg5 Re5 17. Bxf6 Rxf5 18. Bc3 Re8 19. Nd4 Rf4 20. Ne2 Rh4 21. g3 Rhe4 22. Qxd5 R8e6 23. Rae1 Bb4 24. Qd1 Ne5 25. Nd4 Bxc3 26. bxc3 Rxe1 27. Rxe1 Re7 28. Re3 Ng6 29. Rxe7 Nxe7 30. Nb3 Qc7 31. c4 h5 32. c5 Qe5 33. Qd8+ Kh7 34. Qd3+ Kg8 35. Qd8+ Kh7 36. Qd3+ Ng6 37. Qf3 h4 38. Kg2 Qe6 39. Qh5+ Kg8 40. Nd2 Qc6+ 41. Nf3 Qxa4 42. Qd5 Qc6 43. c4 a5 44. Nd4 Qc8 45. h3 a4 46. Nb5 hxg3 47. fxg3 Ne7 48. Qd6 Nf5 49. Qe5 Qd7 50. Nd6 Nxd6 51. cxd6 Kf8 52. Qa5 Qc6+ 53. Kh2 b6 54. Qe5 Qd7 55. Qd5 f6 56. Qa8+ Kf7 57. Qd5+ Qe6 58. d7 Qxd5 0-1

[Event "Mindsports Open 5th"]
[Site "London"]
[Date "2025.08.17"]
[Round "8.9"]
[White "Tica, Sven"]
[Black "Terler, Bohdan"]
[Result "1-0"]
[WhiteElo "2442"]
[BlackElo "1974"]
[PlyCount "85"]
[EventDate "2025.08.13"]
[EventType "swiss"]
[EventRounds "9"]
[EventCountry "ENG"]
[SourceTitle "BritBase"]
[Source "John Saunders"]
[SourceDate "2025.08.18"]
[SourceVersion "1"]
[SourceVersionDate "2025.08.18"]
[SourceQuality "1"]

1. d4 d5 2. Nf3 Nf6 3. g3 e6 4. Bg2 c5 5. c3 Nc6 6. O-O Be7 7. a3 c4 8. Nbd2 Rb8 9. Re1 b5 10. e4 O-O 11. e5 Nd7 12. h4 Re8 13. Nf1 f6 14. exf6 Nxf6 15. Bf4 Bd6 16. Bxd6 Qxd6 17. Ne5 Bb7 18. Nd2 Rf8 19. Re3 Rbe8 20. Nxc6 Bxc6 21. Qe2 Bd7 22. Re1 Re7 23. Bh3 Rfe8 24. Kh2 Bc8 25. Re5 Kh8 26. Nf1 a5 27. Ne3 g6 28. Ng2 Nd7 29. Re3 Nf6 30. Nf4 Ne4 31. f3 g5 32. fxe4 gxf4 33. e5 fxg3+ 34. Rxg3 Qd8 35. Reg1 Rf7 36. Qg4 Ref8 37. h5 Rf2+ 38. Kh1 R2f7 39. h6 Qe8 40. Qg7+ Rxg7 41. hxg7+ Kg8 42. gxf8=Q+ Kxf8 43. Rg8+ 1-0

[Event "Mindsports Open 5th"]
[Site "London"]
[Date "2025.08.17"]
[Round "8.10"]
[White "Bracker, Frank"]
[Black "Hobson, Kenneth"]
[Result "1/2-1/2"]
[WhiteElo "2301"]
[BlackElo "2361"]
[PlyCount "80"]
[EventDate "2025.08.13"]
[EventType "swiss"]
[EventRounds "9"]
[EventCountry "ENG"]
[SourceTitle "BritBase"]
[Source "John Saunders"]
[SourceDate "2025.08.18"]
[SourceVersion "1"]
[SourceVersionDate "2025.08.18"]
[SourceQuality "1"]

1. Nf3 d5 2. g3 Nd7 3. d4 Nb6 4. Nc3 Nf6 5. Bg2 Bf5 6. Nh4 e6 7. Nxf5 exf5 8. Bg5 h6 9. Bxf6 Qxf6 10. e3 c6 11. Qd3 Bd6 12. Ne2 O-O 13. b3 g6 14. O-O Rfd8 15. c4 dxc4 16. bxc4 Rab8 17. Rab1 c5 18. Rfc1 Bf8 19. Qc2 Rd7 20. a4 Qd8 21. Rb5 Nc8 22. Rcb1 b6 23. a5 Nd6 24. R5b3 cxd4 25. Nxd4 Rc8 26. Nc6 Qe8 27. axb6 axb6 28. Rxb6 Rdc7 29. Na5 Nxc4 30. Nxc4 Rxc4 31. Qb3 Qd7 32. Bf1 Rc3 33. Qb5 Qd2 34. Qe2 Qxe2 35. Bxe2 Rc1+ 36. Kg2 Rxb1 37. Rxb1 Rc2 38. Bd3 Rc3 39. Rd1 Kg7 40. Bb5 Rc7 1/2-1/2

[Event "Mindsports Open 5th"]
[Site "London"]
[Date "2025.08.17"]
[Round "8.11"]
[White "Kiremitciyan, Ari"]
[Black "Gombocz, Ferenc Jr"]
[Result "1-0"]
[WhiteElo "2271"]
[BlackElo "2315"]
[PlyCount "81"]
[EventDate "2025.08.13"]
[EventType "swiss"]
[EventRounds "9"]
[EventCountry "ENG"]
[SourceTitle "BritBase"]
[Source "John Saunders"]
[SourceDate "2025.08.18"]
[SourceVersion "1"]
[SourceVersionDate "2025.08.18"]
[SourceQuality "1"]

1. e4 e5 2. Nf3 Nc6 3. Bb5 g6 4. d4 exd4 5. Bg5 Be7 6. Bxe7 Qxe7 7. O-O Qc5 8. Ba4 Nge7 9. c3 d3 10. Qxd3 O-O 11. b4 Qh5 12. Nbd2 d6 13. Rae1 a6 14. Bb3 Qh6 15. a4 Qg7 16. a5 Be6 17. Bxe6 fxe6 18. e5 Nxe5 19. Nxe5 dxe5 20. Qd7 Nc6 21. Qxe6+ Qf7 22. Qg4 Qf4 23. Qe2 Rae8 24. Ne4 Na7 25. Qc4+ Rf7 26. Re3 Ree7 27. Rf3 Qh6 28. Nc5 Nb5 29. Nxb7 Kg7 30. Rxf7+ Rxf7 31. Nd8 Re7 32. Ne6+ Kf6 33. Nc5 Kg7 34. Nxa6 Nd6 35. Qd5 Nf5 36. Nc5 c6 37. Qxc6 e4 38. Nxe4 Qf4 39. Qf6+ Kg8 40. Ng3 Nxg3 41. fxg3 1-0

[Event "Mindsports Open 5th"]
[Site "London"]
[Date "2025.08.17"]
[Round "8.12"]
[White "Kapechun, Mikhailo"]
[Black "Badacsonyi, Stanley"]
[Result "1/2-1/2"]
[WhiteElo "1985"]
[BlackElo "2309"]
[PlyCount "77"]
[EventDate "2025.08.13"]
[EventType "swiss"]
[EventRounds "9"]
[EventCountry "ENG"]
[SourceTitle "BritBase"]
[Source "John Saunders"]
[SourceDate "2025.08.18"]
[SourceVersion "1"]
[SourceVersionDate "2025.08.18"]
[SourceQuality "1"]

1. e4 e6 2. d4 d5 3. e5 c5 4. c3 Nc6 5. Nf3 Bd7 6. Be2 Nge7 7. Na3 cxd4 8. cxd4 Nf5 9. Nc2 Qa5+ 10. Bd2 Qb6 11. Bc3 a5 12. O-O Be7 13. a3 Na7 14. a4 Rc8 15. Qd2 Nc6 16. Bb5 Nb4 17. Nxb4 axb4 18. Bxb4 Bxb5 19. axb5 Qxb5 20. Bxe7 Nxe7 21. Qg5 Nf5 22. Rfc1 O-O 23. Qd2 h6 24. h3 Rc4 25. Rxc4 dxc4 26. Ra5 Qd7 27. Rc5 Rc8 28. Rxc8+ Qxc8 29. d5 exd5 30. Qxd5 Ne7 31. Qd6 Nc6 32. Qd5 Qf5 33. Qxc4 Qb1+ 34. Kh2 Qxb2 35. e6 Qf6 36. exf7+ Qxf7 37. Qb5 Qc7+ 38. Kg1 Qf7 39. h4 1/2-1/2

[Event "Mindsports Open 5th"]
[Site "London"]
[Date "2025.08.17"]
[Round "8.13"]
[White "Gasanov, Eldar"]
[Black "Kovacs, Zoltan"]
[Result "1-0"]
[WhiteElo "2471"]
[BlackElo "2086"]
[PlyCount "30"]
[EventDate "2025.08.13"]
[EventType "swiss"]
[EventRounds "9"]
[EventCountry "ENG"]
[SourceTitle "BritBase"]
[Source "John Saunders"]
[SourceDate "2025.08.18"]
[SourceVersion "1"]
[SourceVersionDate "2025.08.18"]
[SourceQuality "1"]

1. d4 e6 2. c4 Nf6 3. Nc3 Bb4 4. Nf3 d5 5. Bg5 h6 6. Bxf6 Qxf6 7. Qa4+ Nc6 8. e3 O-O 9. Be2 Bd7 10. Qb3 dxc4 11. Qxc4 a6 12. O-O Bd6 13. Rfd1 Rfc8 14. Rac1 e5 15. h3 Qg6 1-0

[Event "Mindsports Open 5th"]
[Site "London"]
[Date "2025.08.17"]
[Round "8.14"]
[White "Ravi, Krishna G"]
[Black "Storme, Isak"]
[Result "0-1"]
[WhiteElo "2074"]
[BlackElo "2452"]
[PlyCount "116"]
[EventDate "2025.08.13"]
[EventType "swiss"]
[EventRounds "9"]
[EventCountry "ENG"]
[SourceTitle "BritBase"]
[Source "John Saunders"]
[SourceDate "2025.08.18"]
[SourceVersion "1"]
[SourceVersionDate "2025.08.18"]
[SourceQuality "1"]

1. d4 Nf6 2. c4 e6 3. Nf3 d5 4. Nc3 Nbd7 5. Qc2 dxc4 6. e4 Nb6 7. Be3 Be7 8. Ne5 O-O 9. Rd1 c5 10. dxc5 Qc7 11. cxb6 Qxe5 12. Bd4 Qa5 13. Bxc4 e5 14. Be3 Bc5 15. Bxc5 Qxc5 16. Qb3 Bg4 17. Rd2 Rac8 18. Be2 Bxe2 19. Rxe2 axb6 20. O-O Rfd8 21. Qb5 Rd4 22. Qxc5 bxc5 23. f3 Rcd8 24. Rc2 h5 25. h4 b6 26. a3 Kf8 27. Re1 Ke7 28. Kf2 Ke6 29. Ke2 Rg8 30. Rd1 g5 31. hxg5 Rxg5 32. Kf2 Rg8 33. Rcd2 Rgd8 34. Ke3 h4 35. Ne2 Rxd2 36. Rxd2 Rh8 37. Kf2 Nh5 38. Rd1 c4 39. Rh1 Ng3 40. Rh3 Rd8 41. Nxg3 hxg3+ 42. Ke2 Rd3 43. Rxg3 b5 44. Rg8 Rb3 45. Kd1 Rxb2 46. a4 bxa4 47. Ra8 Ra2 48. Ra6+ Kd7 49. Kc1 c3 50. Kb1 Rxg2 51. Rxa4 Rf2 52. Ra7+ Ke6 53. Ra6+ Ke7 54. Rc6 Rxf3 55. Kc2 Re3 56. Rc8 Rxe4 57. Kxc3 Rd4 58. Rc6 Rd6 0-1

[Event "Mindsports Open 5th"]
[Site "London"]
[Date "2025.08.17"]
[Round "8.15"]
[White "Verbytski, Oleg"]
[Black "Balaji, Aaravamudhan"]
[Result "0-1"]
[WhiteElo "2001"]
[BlackElo "2394"]
[PlyCount "64"]
[EventDate "2025.08.13"]
[EventType "swiss"]
[EventRounds "9"]
[EventCountry "ENG"]
[SourceTitle "BritBase"]
[Source "John Saunders"]
[SourceDate "2025.08.18"]
[SourceVersion "1"]
[SourceVersionDate "2025.08.18"]
[SourceQuality "1"]

1. e4 g6 2. d4 Bg7 3. Nf3 d6 4. Nc3 a6 5. Be3 b5 6. Bd3 Nd7 7. Ne2 Bb7 8. Ng3 Ngf6 9. Qd2 e5 10. c3 Ng4 11. Bg5 f6 12. Be3 O-O 13. c4 Nxe3 14. fxe3 exd4 15. exd4 bxc4 16. Bxc4+ d5 17. exd5 Nb6 18. Bb3 Re8+ 19. Ne2 Bxd5 20. O-O Bxb3 21. axb3 Qd5 22. Qc2 f5 23. Rfd1 Qd6 24. Nc3 c5 25. Qf2 c4 26. bxc4 Nxc4 27. Ra4 Bh6 28. Kh1 Ne3 29. Rda1 Ng4 30. Qf1 Re3 31. Rxa6 Rxa6 32. Qxa6 Re1+ 0-1

[Event "Mindsports Open 5th"]
[Site "London"]
[Date "2025.08.17"]
[Round "8.16"]
[White "Fitzsimons, David"]
[Black "Lilliehook, Victor"]
[Result "1/2-1/2"]
[WhiteElo "2308"]
[BlackElo "2106"]
[PlyCount "59"]
[EventDate "2025.08.13"]
[EventType "swiss"]
[EventRounds "9"]
[EventCountry "ENG"]
[SourceTitle "BritBase"]
[Source "John Saunders"]
[SourceDate "2025.08.18"]
[SourceVersion "1"]
[SourceVersionDate "2025.08.18"]
[SourceQuality "1"]

1. e4 c5 2. Nf3 Nc6 3. Bc4 e5 4. O-O Be7 5. c3 Nf6 6. d4 cxd4 7. cxd4 exd4 8. Nxd4 O-O 9. Nc3 Nxe4 10. Nxe4 d5 11. Nxc6 bxc6 12. Qe2 dxc4 13. Rd1 Qc7 14. Qxc4 Be6 15. Qc3 Rfd8 16. Be3 Rxd1+ 17. Rxd1 Rd8 18. Rc1 Bd5 19. Ng3 Bf6 20. Qc2 Qe5 21. b3 h5 22. Qf5 Qxf5 23. Nxf5 g6 24. Ng3 a5 25. Ne2 a4 26. bxa4 Ra8 27. Nc3 Bxc3 28. Rxc3 Rxa4 29. a3 Rc4 30. Rxc4 1/2-1/2

[Event "Mindsports Open 5th"]
[Site "London"]
[Date "2025.08.17"]
[Round "8.17"]
[White "Bansal, Saahil"]
[Black "San Emeterio Cabanes, Jose L"]
[Result "1/2-1/2"]
[WhiteElo "1979"]
[BlackElo "2303"]
[PlyCount "67"]
[EventDate "2025.08.13"]
[EventType "swiss"]
[EventRounds "9"]
[EventCountry "ENG"]
[SourceTitle "BritBase"]
[Source "John Saunders"]
[SourceDate "2025.08.18"]
[SourceVersion "1"]
[SourceVersionDate "2025.08.18"]
[SourceQuality "1"]

1. d4 Nf6 2. c4 Nc6 3. Nf3 g6 4. g3 Bg7 5. Bg2 O-O 6. O-O a6 7. Nc3 Rb8 8. Bf4 d6 9. Rc1 Bd7 10. Qd2 Re8 11. Rfd1 Qc8 12. d5 Nd8 13. e4 Bh3 14. Bh1 Nh5 15. Bh6 Bh8 16. Be3 e5 17. c5 dxc5 18. Bxc5 b6 19. Be3 Nb7 20. Ng5 Nd6 21. Nxh3 Qxh3 22. Qe2 Ra8 23. Bf3 Nf6 24. Bg5 Qd7 25. Rc2 Rec8 26. Bxf6 Bxf6 27. Bg4 Qe8 28. Bxc8 Qxc8 29. Na4 Qd7 30. Rc6 Be7 31. Rdc1 Nb5 32. Qd1 Bd6 33. R6c2 Nd4 34. Rd2 1/2-1/2

[Event "Mindsports Open 5th"]
[Site "London"]
[Date "2025.08.17"]
[Round "8.18"]
[White "Antolak, Julia"]
[Black "Zakarian, Dimitrios Levon"]
[Result "1/2-1/2"]
[WhiteElo "2280"]
[BlackElo "2079"]
[PlyCount "58"]
[EventDate "2025.08.13"]
[EventType "swiss"]
[EventRounds "9"]
[EventCountry "ENG"]
[SourceTitle "BritBase"]
[Source "John Saunders"]
[SourceDate "2025.08.18"]
[SourceVersion "1"]
[SourceVersionDate "2025.08.18"]
[SourceQuality "1"]

1. d4 Nf6 2. c4 e6 3. Nc3 Bb4 4. a3 Bxc3+ 5. bxc3 Ne4 6. Nh3 c5 7. e3 Qa5 8. Bd2 d5 9. Bd3 Nxd2 10. Qxd2 dxc4 11. Bxc4 Nc6 12. O-O O-O 13. Qc2 h6 14. f4 b5 15. Bd3 f5 16. g4 c4 17. Be2 Ne7 18. Bf3 Rb8 19. e4 Bb7 20. exf5 Bxf3 21. Rxf3 exf5 22. g5 Nd5 23. gxh6 gxh6 24. Re1 Qxa3 25. Rg3+ Kh8 26. Qe2 Rbe8 27. Qxe8 Rxe8 28. Rxe8+ Kh7 29. Re5 Qc1+ 1/2-1/2

[Event "Mindsports Open 5th"]
[Site "London"]
[Date "2025.08.17"]
[Round "8.19"]
[White "Badacsonyi, Frankie"]
[Black "Shidlagatta, Anirudh"]
[Result "1-0"]
[WhiteElo "2193"]
[BlackElo "2036"]
[PlyCount "79"]
[EventDate "2025.08.13"]
[EventType "swiss"]
[EventRounds "9"]
[EventCountry "ENG"]
[SourceTitle "BritBase"]
[Source "John Saunders"]
[SourceDate "2025.08.18"]
[SourceVersion "1"]
[SourceVersionDate "2025.08.18"]
[SourceQuality "1"]

1. c4 c6 2. d4 d5 3. cxd5 cxd5 4. Bf4 Nf6 5. Nc3 Nc6 6. e3 Bf5 7. Qb3 Na5 8. Qa4+ Bd7 9. Qc2 Rc8 10. Bd3 Qb6 11. Nf3 e6 12. O-O Be7 13. Ne5 h6 14. h3 O-O 15. Qe2 a6 16. g4 Qd8 17. h4 Ne4 18. Bxe4 dxe4 19. Nxd7 Qxd7 20. g5 hxg5 21. hxg5 e5 22. dxe5 Qf5 23. Qh5 Rc6 24. Qh1 Bxg5 25. Qxe4 Qe6 26. Bg3 Nc4 27. Rad1 Rfc8 28. Ne2 Nxb2 29. Nd4 Qc4 30. Rb1 Rb6 31. Qf5 Be7 32. Rbc1 Qxc1 33. Rxc1 Rxc1+ 34. Kg2 Bf8 35. e6 fxe6 36. Nxe6 Be7 37. Qg6 Bf6 38. Qe8+ Kh7 39. Nf8+ Kg8 40. Nd7+ 1-0

[Event "Mindsports Open 5th"]
[Site "London"]
[Date "2025.08.17"]
[Round "8.20"]
[White "Zheng, Harry Z"]
[Black "Pal, Rohan"]
[Result "1/2-1/2"]
[WhiteElo "2190"]
[BlackElo "1909"]
[PlyCount "74"]
[EventDate "2025.08.13"]
[EventType "swiss"]
[EventRounds "9"]
[EventCountry "ENG"]
[SourceTitle "BritBase"]
[Source "John Saunders"]
[SourceDate "2025.08.18"]
[SourceVersion "1"]
[SourceVersionDate "2025.08.18"]
[SourceQuality "1"]

1. e4 c5 2. Nf3 e6 3. d4 cxd4 4. Nxd4 Nc6 5. Bf4 d6 6. Nxc6 bxc6 7. c4 e5 8. Be3 Nf6 9. Nc3 Ng4 10. Bc1 Qb6 11. Qf3 d5 12. h3 d4 13. hxg4 dxc3 14. bxc3 Be6 15. Be2 Bc5 16. g5 O-O-O 17. a4 a5 18. O-O h6 19. gxh6 gxh6 20. Ra2 Rhg8 21. Rb2 Qa7 22. Be3 Bxe3 23. fxe3 Kc7 24. Rfb1 Rb8 25. Kf2 Rxb2 26. Rxb2 Qc5 27. Qf6 h5 28. Rb1 Rd8 29. Rh1 Rd2 30. Rd1 Rxe2+ 31. Kxe2 Bg4+ 32. Kd2 Bxd1 33. Qxf7+ Kb6 34. Kxd1 Qxe3 35. c5+ Qxc5 36. Qb3+ Kc7 37. Ke2 Qe7 1/2-1/2

[Event "Mindsports Open 5th"]
[Site "London"]
[Date "2025.08.17"]
[Round "8.21"]
[White "Kovalskyi, Roman"]
[Black "Steiners, Emils"]
[Result "0-1"]
[WhiteElo "2180"]
[BlackElo "1933"]
[PlyCount "106"]
[EventDate "2025.08.13"]
[EventType "swiss"]
[EventRounds "9"]
[EventCountry "ENG"]
[SourceTitle "BritBase"]
[Source "John Saunders"]
[SourceDate "2025.08.18"]
[SourceVersion "1"]
[SourceVersionDate "2025.08.18"]
[SourceQuality "1"]

1. e4 c5 2. Nf3 Nc6 3. d4 cxd4 4. Nxd4 Nf6 5. Nc3 e5 6. Ndb5 d6 7. Nd5 Nxd5 8. exd5 Nb8 9. a4 Be7 10. Be2 O-O 11. O-O f5 12. f4 a6 13. Na3 Bf6 14. Nc4 Nd7 15. a5 Qe7 16. Ra3 g6 17. Bd2 exf4 18. Bxf4 Be5 19. Re3 Qf6 20. Kh1 g5 21. Bxe5 Nxe5 22. Nb6 Rb8 23. c4 f4 24. b4 Bf5 25. Rb3 Qh6 26. Qd2 Bg4 27. c5 Bxe2 28. Qxe2 Rbe8 29. Rh3 Qg7 30. Qh5 g4 31. Rh4 Nd3 32. h3 Nf2+ 33. Kh2 g3+ 34. Kg1 Re7 35. Rg4 Nxg4 36. Qxg4 Qxg4 37. hxg4 dxc5 38. bxc5 Re2 39. Nd7 Rf7 40. c6 bxc6 41. dxc6 Rc2 42. Nb8 Re7 43. Rd1 Ree2 44. Nxa6 Rxg2+ 45. Kh1 Rh2+ 46. Kg1 Rcg2+ 47. Kf1 f3 48. Rd8+ Kg7 49. Rd7+ Kf6 50. g5+ Kf5 51. Rf7+ Kg4 52. Rxh7 Rxh7 53. c7 Rh1# 0-1

[Event "Mindsports Open 5th"]
[Site "London"]
[Date "2025.08.17"]
[Round "8.22"]
[White "Sofronie, Iulian"]
[Black "Leong, Aiden"]
[Result "1/2-1/2"]
[WhiteElo "2372"]
[BlackElo "2068"]
[PlyCount "46"]
[EventDate "2025.08.13"]
[EventType "swiss"]
[EventRounds "9"]
[EventCountry "ENG"]
[SourceTitle "BritBase"]
[Source "John Saunders"]
[SourceDate "2025.08.18"]
[SourceVersion "1"]
[SourceVersionDate "2025.08.18"]
[SourceQuality "1"]

1. d4 d5 2. Bf4 Nf6 3. e3 c5 4. c3 Nc6 5. Nd2 Bf5 6. Ngf3 Qb6 7. Nh4 Bd7 8. Qb3 c4 9. Qxb6 axb6 10. a3 b5 11. Rd1 Nh5 12. Be2 Nxf4 13. exf4 f5 14. Nhf3 e6 15. Nf1 Bd6 16. g3 Ke7 17. Ne3 Be8 18. Kd2 Bh5 19. Rde1 Bxf3 20. Bxf3 Kd7 21. Re2 b4 22. axb4 Bxb4 23. Nc2 Bd6 1/2-1/2

[Event "Mindsports Open 5th"]
[Site "London"]
[Date "2025.08.17"]
[Round "8.23"]
[White "Vashisht-Pigem, Raman"]
[Black "Dasgupta, Avyukt"]
[Result "1/2-1/2"]
[WhiteElo "1981"]
[BlackElo "2158"]
[PlyCount "179"]
[EventDate "2025.08.13"]
[EventType "swiss"]
[EventRounds "9"]
[EventCountry "ENG"]
[SourceTitle "BritBase"]
[Source "John Saunders"]
[SourceDate "2025.08.18"]
[SourceVersion "1"]
[SourceVersionDate "2025.08.18"]
[SourceQuality "1"]

1. e4 c6 2. Nf3 d5 3. exd5 cxd5 4. d4 Nc6 5. c4 Nf6 6. Nc3 a6 7. c5 g6 8. Ne5 Bg7 9. Bf4 Nh5 10. Nxc6 bxc6 11. Be3 Qc7 12. Qd2 e5 13. Be2 exd4 14. Bxd4 Nf6 15. O-O O-O 16. h3 Re8 17. Rfe1 Be6 18. Bf3 Nd7 19. Bxg7 Kxg7 20. b4 Reb8 21. Qd4+ Kg8 22. a4 Qa7 23. a5 Qb7 24. Rab1 Bf5 25. Rb2 Re8 26. Rbe2 Rxe2 27. Rxe2 Rb8 28. Bxd5 Qxb4 29. Qxb4 Rxb4 30. g4 cxd5 31. gxf5 Rc4 32. Nxd5 Rxc5 33. Nb6 Nf6 34. fxg6 hxg6 35. Re7 Rxa5 36. Nc4 Ra1+ 37. Kg2 Kf8 38. Ra7 Ng8 39. Nd6 Nh6 40. h4 Kg7 41. Ne8+ Kf8 42. Nd6 Ra3 43. f3 Ra2+ 44. Kg3 Rd2 45. Nc4 Nf5+ 46. Kh3 Ra2 47. Ne5 Nh6 48. Ng4 Nxg4 49. fxg4 Ra3+ 50. Kg2 a5 51. h5 Kg7 52. Ra6 Kh6 53. Ra7 f6 54. Ra6 Kg5 55. Kh2 Ra2+ 56. Kg1 Ra4 57. Kh2 gxh5 58. gxh5 f5 59. h6 Rh4+ 60. Kg2 Rxh6 61. Rxa5 Rb6 62. Rc5 Kg4 63. Rc4+ f4 64. Rc3 Rb2+ 65. Kf1 Rh2 66. Kg1 Rh5 67. Rb3 Re5 68. Kf2 Ra5 69. Rc3 Ra2+ 70. Kg1 Kf5 71. Kf1 Ke4 72. Rb3 Rd2 73. Ra3 Rd1+ 74. Kf2 Rd2+ 75. Kf1 Rb2 76. Ke1 Rh2 77. Kf1 Kf5 78. Rb3 Kg4 79. Ra3 Rh3 80. Rxh3 Kxh3 81. Kf2 Kg4 82. Kg2 f3+ 83. Kf2 Kf4 84. Kf1 Ke3 85. Ke1 Ke4 86. Kf2 Kf4 87. Kf1 Kg3 88. Kg1 f2+ 89. Kf1 Kf4 90. Kxf2 1/2-1/2

[Event "Mindsports Open 5th"]
[Site "London"]
[Date "2025.08.17"]
[Round "8.24"]
[White "Udovenko, Daniel"]
[Black "Hng, Mei-En Emmanuelle"]
[Result "0-1"]
[WhiteElo "1870"]
[BlackElo "2132"]
[PlyCount "66"]
[EventDate "2025.08.13"]
[EventType "swiss"]
[EventRounds "9"]
[EventCountry "ENG"]
[SourceTitle "BritBase"]
[Source "John Saunders"]
[SourceDate "2025.08.18"]
[SourceVersion "1"]
[SourceVersionDate "2025.08.18"]
[SourceQuality "1"]

1. d4 Nf6 2. c4 c5 3. d5 e6 4. Nf3 exd5 5. cxd5 d6 6. Nc3 g6 7. h3 Bg7 8. Bf4 O-O 9. e3 Na6 10. Bxa6 bxa6 11. Rc1 Rb8 12. b3 Nh5 13. Bh2 f5 14. O-O Rb7 15. Nd2 f4 16. exf4 Nxf4 17. Nde4 Be5 18. Re1 Rbf7 19. Bg3 Rf5 20. Ne2 g5 21. b4 Nxe2+ 22. Rxe2 cxb4 23. Qa4 Qb6 24. Qc2 Bb7 25. Rd1 a5 26. Kh2 Ba6 27. Ree1 Bxg3+ 28. fxg3 Re5 29. Qc1 h6 30. Rd2 Ref5 31. Qd1 Rf1 32. g4 Qg1+ 33. Kg3 Rxe1 0-1

[Event "Mindsports Open 5th"]
[Site "London"]
[Date "2025.08.17"]
[Round "8.25"]
[White "Mesropyan, Hayk"]
[Black "Harper, Ryan"]
[Result "1-0"]
[WhiteElo "1972"]
[BlackElo "2131"]
[PlyCount "89"]
[EventDate "2025.08.13"]
[EventType "swiss"]
[EventRounds "9"]
[EventCountry "ENG"]
[SourceTitle "BritBase"]
[Source "John Saunders"]
[SourceDate "2025.08.18"]
[SourceVersion "1"]
[SourceVersionDate "2025.08.18"]
[SourceQuality "1"]

1. e4 e5 2. Nf3 Nc6 3. Bb5 a6 4. Ba4 Nf6 5. O-O b5 6. Bb3 Bc5 7. Re1 d6 8. c3 O-O 9. d4 Bb6 10. h3 h6 11. Be3 Re8 12. dxe5 dxe5 13. Bd5 Nxd5 14. exd5 Bxe3 15. fxe3 Ne7 16. e4 Ng6 17. a4 Rb8 18. axb5 axb5 19. Qc2 c6 20. dxc6 Qb6+ 21. Kh2 Qxc6 22. Nbd2 Be6 23. b4 Rbc8 24. Rec1 Nf4 25. Nf1 Bc4 26. Ng3 Bd3 27. Qf2 Qf6 28. Qe3 Rc4 29. Nd2 Rc7 30. Nb3 Bc4 31. Nc5 Rd8 32. Rd1 Rxd1 33. Rxd1 g6 34. Qd2 Ra7 35. Qf2 Ra8 36. Nf1 Ra3 37. Ne3 Rxc3 38. Ng4 Qg5 39. Nd7 Nd3 40. Qb6 Qf4+ 41. Kg1 h5 42. Qd8+ Kh7 43. Ndf6+ Qxf6 44. Nxf6+ Kg7 45. Nd7 1-0